The clinical treatment of substance abusers /

Bibliographic Details
Main Author: Brill, Leon
Format: Book
Language:English
Published: New York, N.Y. : London : Free Press ; Collier Macmillan, [1981]
Series:Fields of practice series.
Subjects:

MARC

Tag First Indicator Second Indicator Subfields
LEADER 00000pam a2200000 a 4500
001 in00000085051
005 20151008054450.0
008 810604s1981 nyu b 00110 eng
010 |a  81066433  
020 |a 0029051606 
035 |a (OCoLC)07572369 
035 |9 AAJ0745AM 
039 0 |a 2  |b 3  |c 3  |d 3  |e 3 
040 |a DLC  |c DLC  |d TXA  |d UtOrBLW 
043 |a n-us--- 
049 |a TXAM  |c [932881] 
050 0 0 |a HV5825  |b .B748 1981 
060 0 |a WM 270 B857t 
082 0 |a 362.2/9  |2 19 
100 1 |a Brill, Leon. 
245 1 4 |a The clinical treatment of substance abusers /  |c Leon Brill. 
264 1 |a New York, N.Y. :  |b Free Press ;  |a London :  |b Collier Macmillan,  |c [1981] 
264 4 |c ©1981 
300 |a xviii, 250 pages ;  |c 25 cm. 
336 |a text  |b txt  |2 rdacontent 
337 |a unmediated  |b n  |2 rdamedia 
338 |a volume  |b nc  |2 rdacarrier 
490 1 |a Fields of practice series 
504 |a Includes bibliographies and indexes. 
650 0 |a Drug abuse  |x Treatment  |z United States  |x Case studies. 
650 0 |a Alcoholism  |x Treatment  |z United States  |x Case studies. 
650 2 |a Substance-Related Disorders  |x therapy. 
830 0 |a Fields of practice series. 
999 |a MARS 
999 f f |s ba7aa0ef-056a-3fbd-94e9-a0bd651e2088  |i 4c2ce30c-a341-3394-8832-fbb82ee8271f  |t 0 
952 f f |p ric  |a Texas A&M University  |b Rellis Campus  |c Joint Library Facility  |d Remote Storage  |t 0  |e HV5825 .B748 1981  |h Library of Congress classification  |i unmediated -- volume  |m A14806146568 
998 f f |a HV5825 .B748 1981  |t 0  |l Remote Storage